| 000 | 00664nam a22002417a 4500 | ||
|---|---|---|---|
| 005 | 20171219120335.0 | ||
| 008 | 171219b xxu||||| |||| 00| 0 spa d | ||
| 041 | _aspa | ||
| 082 | _a972.863 V297p | ||
| 100 |
_aVargas, Gerardo _945304 |
||
| 245 | _aEl patrimonio histórico arquitectónico y el desarrollo urbano del distrito Carmen | ||
| 260 | _aCosta Rica | ||
| 260 | _bMCJD | ||
| 260 | _c2000 | ||
| 650 |
_aCOSTA RICA _945305 |
||
| 650 |
_aDISTRITO DEL CARMEN _945306 |
||
| 650 |
_aSAN JOSÉ _91091 |
||
| 650 |
_aHISTORIA _943 |
||
| 650 |
_aDESARROLLO URBANO _923631 |
||
| 650 |
_aFOTOGRAFÍAS _91590 |
||
| 650 |
_aPOBLACIÓN _91773 |
||
| 942 | _cBK | ||
| 999 |
_c10237 _d10237 |
||